000 01199nam a2200349 a 4500
008
020 _a9781138020375 (hardback)
040 _aNUST
_cNUST
049 _aMAIN
090 _aR853.Q34
_bQUA
245 1 0 _aQualitative research on illness, wellbeing and self growth :
_bcontemporary Indian perspective/
_cedited by Kumar Ravi Priya & Ajit Kumar Dalal.
260 _aNew Delhi :
_bRoutledge,
_c2015.
300 _axiii, 339 pages :
_billustrations ;
_c23 cm.
336 _atext
_btxt
_2rdacontent
337 _aunmediated
_bn
_2rdamedia
338 _avolume
_bnc
_2rdacarrier
500 _aIncludes index.
504 _aIncludes bibliographical references.
650 1 _aMedicine
_xResearch
_vMethodology.
650 _aQualitative research.
650 _aHealth
_xResearch
_vMethodology.
650 _aResearch
_xMethodology.
650 _aWell-being.
650 _aSelf actualization (Psychology)
_xResearch.
650 _aIndia.
700 _aPriya, Kumar Ravi.,
_aeditor.
700 _aDalal, Ajit Kumar.,
_aeditor.
907 _a.b10405331
_b21-06-21
_c16-06-21
003
005 20230120204309.0
942 _cBOOKS
_kR853.Q34
_mQUA
999 _c120678
_d120678